000
00274 a2200121 4500
001
63109
082
_a
004 WAL
090
_c
37276
_d
37276
100
_a
Walker, Roger S
245
_a
Understanding Computer Science
_h
English
260
_b
Radio Shack
_c
1981
300
_a
200p
942
_a
CAE NUST
_k
004 WAL
999
_c
298182
_d
298182